LEADER 00912naa a2200229 u 4500 001 000000094541 003 CaOOAMICUS 005 20070226130139.0 008 040503s1979 be u000 u eng u 020 $a90-6186-089-X 035 $a10993075 040 $aIAR$bita 100 1 $aDronke, Peter.$0(OLS)http://pul/name/15797 245 14$aThe song of Songs and medieval love-lyric /$cPeter Dronke. 260 $aLeuven/Louvain :$bLeuven university press,$c1979. 300 $aS. 236-262, ;$c25 cm 650 4$aLetteratura medievale$xTemi, motivi.$0(OLS)http://pul/subject/8786 773 0 $aThe Bible and medieval culture. 773 0 $tThe Bible and medieval culture$w()4929 996 $6020$a90-6186-089-X$9(OLS)http://pul/number/6354 996 $6245$aThe song of Songs and medieval love-lyric$9(OLS)http://pul/title/121409 996 $6260$aLeuven/Louvain :$bLeuven university press$9(OLS)http://pul/publisher/50689 LEADER 01646nam a2200325 a 4500 001 000000132489 003 CaOOAMICUS 005 20130131121943.0 008 130131s2012 it ao u001 u ita r 020 $a978-88-7402-222-9 040 $aPUL$bita 082 04$a234 245 00$aGuardo con ammirazione lo Sposo :$bil Beato Giovanni Paolo II, profeta e testimone del mistero nuziale /$cA cura di Francesco Pilloni e Przemyslaw Kwiatkowski. 260 $aCantalupa (To) :$bEffatą,$c©2012. 300 $a156 p. ;$c 21 cm. 500 $aIn testa al front.: Opera Madonnina del Grappa. Centro di Spiritualitą "P. Enrico Mauri". 504 $aBibliografia in nota. 600 04$aIohannes Paulus PP.$bII,$cs.,$d1920-2005$xConcezione del mistero nuziale.$0(OLS)http://pul/subject/39318 650 4$aMatrimonio (teologia).$0(OLS)http://pul/subject/4419 700 1 $aPilloni, Francesco.$0(OLS)http://pul/name/49968 700 1 $aKwiatkowski, Przemyslaw.$0(OLS)http://pul/name/72249 710 2 $aOpera Madonnina del Grappa $bCentro di Spiritualitą "P. Enrico Mauri".$0(OLS)http://pul/name/85325 850 $aPUL 852 $aPUL$W1$xSL Religione 3$y85$m234 PILFR 2$j152459$qDDC 21$B151808$CPULBib$Z2$F151808 $H121589 $82 941 1 $a9 996 $6020$a978-88-7402-222-9$9(OLS)http://pul/number/151649 996 $6082$a234$9(OLS)http://pul/classification/573 996 $6245$aGuardo con ammirazione lo Sposo :$bil Beato Giovanni Paolo II, profeta e testimone del mistero nuziale$9(OLS)http://pul/title/167385 996 $6260$aCantalupa (To) :$bEffatą$9(OLS)http://pul/publisher/68547